000 00617nam a2200217Ia 4500
003 GCL
008 140319s9999 xx 000 0 ara d
040 _aGCL /
_cGCL
082 0 4 _a811.9
_bع ز
100 1 _aيوسف عزالدين
245 1 0 _aالزهاوى دراسات ونصوص /
_cيوسف عزالدين
700 1 _aعبدالحميد الرشودى
260 _a[S.N] :
_bدار مكتبة الحياة
300 _a559 ص
490 _a
650 0 4 _aالادب العربى
650 0 4 _aالعراق
650 0 4 _aالشعراء العرب
650 0 4 _aالزهاوى
942 _2ddc
_cBK
999 _c28772
_d28772